[Event "2. Bundesliga Ost 2012/2013"]
[Site "6.+7.10., 17.+18.11., 1.12., 2.+3.2., 9.+10.3., 6.
[Date "2012.11.18"]
[Round "4"]
[Board "1"]
[White "Hagara, Eduard"]
[Black "Sommerbauer, Norbert"]
[Result "1/2-1/2"]
[WhiteElo "2410"]
[BlackElo "2444"]
[PlyCount "81"]
[EventDate "2012.10.06"]
[EventType "team"]
[EventRounds "11"]
[EventCountry "AUT"]
[WhiteTeam "ASVOE Lackenbach"]
[BlackTeam "Raiffeisen Waehring"]

1. Nf3 c5 2. g3 Nc6 3. Bg2 d5 4. O-O Nf6 5. c4 d4 6. d3 e5 7. e3 Be7 8. exd4
exd4 9. Bg5 O-O 10. Nbd2 Bf5 11. Nb3 b6 12. Re1 Qd7 13. Ne5 Nxe5 14. Rxe5 Rae8
15. Qf3 Be6 16. Ree1 h6 17. Bd2 Rc8 18. Bf4 Bd6 19. Bxd6 Qxd6 20. Nd2 Bd7 21.
Ne4 Nxe4 22. Qxe4 Rfe8 23. Qb7 Qc7 24. Rxe8+ Bxe8 25. Qa6 Bd7 26. Re1 Re8 27.
Rxe8+ Bxe8 28. a3 Bd7 29. Be4 Bh3 30. f3 g6 31. b4 Kg7 32. b5 Bc8 33. Qa4 f5
34. Bd5 Qe7 35. Qd1 Qe3+ 36. Kf1 f4 37. g4 h5 38. h3 Kh6 39. Be4 Kg5 40. Kg2
Be6 41. a4 1/2-1/2

[Event "2. Bundesliga Ost 2012/2013"]
[Site "6.+7.10., 17.+18.11., 1.12., 2.+3.2., 9.+10.3., 6.
[Date "2012.11.18"]
[Round "4"]
[Board "2"]
[White "Mahdy, Khaled"]
[Black "Vass, Frantisek"]
[Result "1/2-1/2"]
[WhiteElo "2385"]
[BlackElo "2292"]
[PlyCount "55"]
[EventDate "2012.10.06"]
[EventType "team"]
[EventRounds "11"]
[EventCountry "AUT"]
[WhiteTeam "Raiffeisen Waehring"]
[BlackTeam "ASVOE Lackenbach"]

1. e4 e6 2. d4 d5 3. exd5 exd5 4. Nf3 Nf6 5. Bd3 Bg4 6. h3 Bh5 7. O-O Be7 8.
Re1 O-O 9. Nbd2 Nbd7 10. Nf1 Re8 11. Ng3 Bg6 12. Ne5 c5 13. Be3 cxd4 14. Bxd4
Nc5 15. Bb5 Rf8 16. c3 a6 17. Bf1 Ne6 18. Qb3 Nxd4 19. cxd4 Rb8 20. Bd3 Re8 21.
Re3 Bd6 22. Rae1 Bxe5 23. dxe5 d4 24. R3e2 Nd5 25. Bxg6 hxg6 26. Re4 Nc7 27. h4
Ne6 28. Qb4 1/2-1/2

[Event "2. Bundesliga Ost 2012/2013"]
[Site "6.+7.10., 17.+18.11., 1.12., 2.+3.2., 9.+10.3., 6.
[Date "2012.11.18"]
[Round "4"]
[Board "3"]
[White "Krpelan, Wolfgang"]
[Black "Alvir, Aco"]
[Result "1/2-1/2"]
[WhiteElo "2246"]
[BlackElo "2345"]
[PlyCount "49"]
[EventDate "2012.10.06"]
[EventType "team"]
[EventRounds "11"]
[EventCountry "AUT"]
[WhiteTeam "ASVOE Lackenbach"]
[BlackTeam "Raiffeisen Waehring"]

1. d4 c5 2. dxc5 Na6 3. c3 Nxc5 4. b4 Ne6 5. Bb2 Nf6 6. Nf3 g6 7. g3 Bg7 8. Bg2
O-O 9. O-O d5 10. Nbd2 Qb6 11. Qb3 a5 12. a3 Bd7 13. c4 a4 14. Qa2 dxc4 15.
Nxc4 Qa6 16. Nfe5 Bb5 17. Na5 Rab8 18. Rfe1 Nc5 19. bxc5 Qxa5 20. Rac1 Qa6 21.
e3 Bc6 22. Bf1 Bb5 23. Bg2 Bc6 24. Bf1 Bb5 25. Bg2 1/2-1/2

[Event "2. Bundesliga Ost 2012/2013"]
[Site "6.+7.10., 17.+18.11., 1.12., 2.+3.2., 9.+10.3., 6.
[Date "2012.11.18"]
[Round "4"]
[Board "4"]
[White "Kirschner, Alexander"]
[Black "Stranz, Richard"]
[Result "1/2-1/2"]
[WhiteElo "2281"]
[BlackElo "2178"]
[PlyCount "70"]
[EventDate "2012.10.06"]
[EventType "team"]
[EventRounds "11"]
[EventCountry "AUT"]
[WhiteTeam "Raiffeisen Waehring"]
[BlackTeam "ASVOE Lackenbach"]

1. c4 e5 2. Nc3 Nc6 3. Nf3 Bb4 4. Nd5 Bc5 5. d3 Nge7 6. g3 d6 7. Bg2 Nxd5 8.
cxd5 Ne7 9. d4 exd4 10. Nxd4 O-O 11. O-O Bd7 12. a3 a5 13. b3 c6 14. dxc6 Nxc6
15. Bb2 Nxd4 16. Bxd4 Be6 17. b4 axb4 18. axb4 Bxd4 19. Qxd4 Rxa1 20. Rxa1 b5
21. Rd1 Bb3 22. Rd2 Qc7 23. Qxd6 Qc1+ 24. Bf1 h5 25. Qf4 Qe1 26. Rb2 Rd8 27.
Rxb3 Rd1 28. Kg2 Qxf1+ 29. Kf3 Qh1+ 30. Ke3 Rd7 31. Qb8+ Kh7 32. Qxb5 Qc1+ 33.
Kf3 Qh1+ 34. Ke3 Qc1+ 35. Kf3 Qh1+ 1/2-1/2

[Event "2. Bundesliga Ost 2012/2013"]
[Site "6.+7.10., 17.+18.11., 1.12., 2.+3.2., 9.+10.3., 6.
[Date "2012.11.18"]
[Round "4"]
[Board "5"]
[White "Galavics, Hermann"]
[Black "Lovrinovic, Christian"]
[Result "0-1"]
[WhiteElo "2062"]
[BlackElo "2139"]
[PlyCount "106"]
[EventDate "2012.10.06"]
[EventType "team"]
[EventRounds "11"]
[EventCountry "AUT"]
[WhiteTeam "ASVOE Lackenbach"]
[BlackTeam "Raiffeisen Waehring"]

1. d4 Nf6 2. c4 g6 3. Nc3 Bg7 4. e4 d6 5. f3 O-O 6. Be3 a6 7. Qd2 Nc6 8. Nge2
Bd7 9. g3 Rb8 10. Bg2 b5 11. cxb5 axb5 12. b3 b4 13. Na4 Na5 14. Nb2 Rb5 15.
Rc1 c6 16. O-O Re8 17. Rc2 Qb8 18. Rfc1 Rc8 19. Nf4 g5 20. Nfd3 h6 21. Nc4 Qa8
22. Nxb4 Nxc4 23. Rxc4 Rb6 24. Nd3 Ra6 25. R1c2 Be6 26. R4c3 Ne8 27. Nb4 Rb6
28. Rxc6 Rcxc6 29. Nxc6 Rxc6 30. Rxc6 Qxc6 31. d5 Bxd5 32. exd5 Qb7 33. Bf1 Nf6
34. Bc4 Nd7 35. Qa5 Ne5 36. Be2 Qc8 37. Qd2 Qf5 38. Kg2 Bf6 39. b4 h5 40. b5 g4
41. Qd1 gxf3+ 42. Bxf3 h4 43. Bf4 h3+ 44. Kf2 Nd3+ 45. Ke3 Nb2 46. Qe2 e5 47.
dxe6 Qc5+ 48. Ke4 fxe6 49. Bg4 Qd5+ 50. Ke3 Nc4+ 51. Kf2 Bd4+ 52. Ke1 Bc3+ 53.
Bd2 Bxd2+ 0-1

[Event "2. Bundesliga Ost 2012/2013"]
[Site "6.+7.10., 17.+18.11., 1.12., 2.+3.2., 9.+10.3., 6.
[Date "2012.11.18"]
[Round "4"]
[Board "1"]
[White "Menezes, Christoph"]
[Black "Videki, Sandor"]
[Result "0-1"]
[WhiteElo "2303"]
[BlackElo "2429"]
[PlyCount "56"]
[EventDate "2012.10.06"]
[EventType "team"]
[EventRounds "11"]
[EventCountry "AUT"]
[WhiteTeam "SK Wien-Ottakring"]
[BlackTeam "Spg Data Technology Eichgraben/P."]

1. d4 d5 2. c4 c6 3. Nf3 Nf6 4. Nc3 dxc4 5. a4 Bf5 6. e3 e6 7. Bxc4 Bb4 8. O-O
O-O 9. Qe2 Nbd7 10. e4 Bg4 11. h3 Bxf3 12. Qxf3 Nb6 13. Bb3 Qxd4 14. Rd1 Qc5
15. Be3 Qa5 16. Bd4 Nbd7 17. Ne2 Rad8 18. g4 h6 19. Ng3 Ne5 20. Qe2 Rd7 21. Be3
Bc5 22. Rxd7 Nexd7 23. Kg2 Qb4 24. Bxc5 Nxc5 25. Bc2 e5 26. Rd1 Ne6 27. Qd2
Qxb2 28. Rb1 Qd4 0-1

[Event "2. Bundesliga Ost 2012/2013"]
[Site "6.+7.10., 17.+18.11., 1.12., 2.+3.2., 9.+10.3., 6.
[Date "2012.11.18"]
[Round "4"]
[Board "2"]
[White "Ganaus, Hannes"]
[Black "Beck, Hartmuth"]
[Result "1/2-1/2"]
[WhiteElo "2331"]
[BlackElo "2295"]
[PlyCount "69"]
[EventDate "2012.10.06"]
[EventType "team"]
[EventRounds "11"]
[EventCountry "AUT"]
[WhiteTeam "Spg Data Technology Eichgraben/P."]
[BlackTeam "SK Wien-Ottakring"]

1. d4 Nf6 2. e3 d6 3. Nf3 Bg4 4. h3 Bh5 5. c4 c6 6. Nc3 e6 7. Qb3 Qb6 8. Qxb6
axb6 9. g4 Bg6 10. Nh4 Be7 11. Nxg6 hxg6 12. Bg2 d5 13. cxd5 exd5 14. f3 Na6
15. Bd2 b5 16. O-O O-O 17. a4 bxa4 18. Rxa4 Nd7 19. Rfa1 Nb6 20. R4a2 Nc4 21.
Bc1 Bg5 22. f4 Be7 23. b3 Nb6 24. Bf1 Nb4 25. Rxa8 Rxa8 26. Rxa8+ Nxa8 27. Kf2
Nc7 28. Ke2 Kf8 29. Bd2 Ke8 30. Be1 Nc2 31. Na2 Nxe1 32. Kxe1 g5 33. f5 Kd7 34.
Kd2 Ne8 35. Bd3 1/2-1/2

[Event "2. Bundesliga Ost 2012/2013"]
[Site "6.+7.10., 17.+18.11., 1.12., 2.+3.2., 9.+10.3., 6.
[Date "2012.11.18"]
[Round "4"]
[Board "3"]
[White "Ernst, Michael"]
[Black "Neumeier, Klaus"]
[Result "1/2-1/2"]
[WhiteElo "2214"]
[BlackElo "2255"]
[PlyCount "132"]
[EventDate "2012.10.06"]
[EventType "team"]
[EventRounds "11"]
[EventCountry "AUT"]
[WhiteTeam "SK Wien-Ottakring"]
[BlackTeam "Spg Data Technology Eichgraben/P."]

1. d4 Nf6 2. c4 e6 3. Nc3 Bb4 4. Qc2 c5 5. dxc5 O-O 6. a3 Bxc5 7. Nf3 b6 8. Bf4
Bb7 9. e4 Nc6 10. Be2 Nh5 11. Bg5 Be7 12. Be3 Qb8 13. O-O-O Rd8 14. g3 Nf6 15.
h3 d6 16. Kb1 Nd7 17. Ng5 h6 18. Nf3 Bf8 19. g4 Ne7 20. Nd4 d5 21. exd5 exd5
22. g5 h5 23. Bxh5 dxc4 24. Rhg1 Qe5 25. Nf3 Qf5 26. Bg4 Qxc2+ 27. Kxc2 Ng6 28.
Rxd7 Rxd7 29. Bxd7 Bxf3 30. Bb5 Rc8 31. Ba6 Rc7 32. Rg3 Bb7 33. Bxb7 Rxb7 34.
Rg4 b5 35. Re4 Ne7 36. Bc5 Ng6 37. Re8 f6 38. gxf6 gxf6 39. Bd4 a5 40. Ra8 b4
41. Nd5 Rb5 42. Nxf6+ Kf7 43. axb4 axb4 44. Ng4 Rd5 45. Ra7+ Ke6 46. Ra6+ Bd6
47. Ba7 Nf4 48. Ne3 Rd3 49. Bb8 b3+ 50. Kc1 Nxh3 51. Nxc4 Kd5 52. Rxd6+ Kxc4
53. Rxd3 Kxd3 54. f4 Ke2 55. Bd6 Ke1 56. Bb4+ Ke2 57. Bd2 Nf2 58. Bc3 Nd3+ 59.
Kb1 Nxf4 60. Bf6 Kd1 61. Bc3 Nd5 62. Ba5 Ne3 63. Bc3 Nc4 64. Bb4 Nd2+ 65. Bxd2
Kxd2 66. Ka1 Kc2 1/2-1/2

[Event "2. Bundesliga Ost 2012/2013"]
[Site "6.+7.10., 17.+18.11., 1.12., 2.+3.2., 9.+10.3., 6.
[Date "2012.11.18"]
[Round "4"]
[Board "4"]
[White "Weissenbeck, Manuel"]
[Black "Gstach, Jakob"]
[Result "1-0"]
[WhiteElo "2238"]
[BlackElo "2120"]
[PlyCount "83"]
[EventDate "2012.10.06"]
[EventType "team"]
[EventRounds "11"]
[EventCountry "AUT"]
[WhiteTeam "Spg Data Technology Eichgraben/P."]
[BlackTeam "SK Wien-Ottakring"]

1. d4 g6 2. e4 Bg7 3. Nc3 d6 4. f4 a6 5. a4 b6 6. Nf3 e6 7. Bc4 Ne7 8. O-O O-O
9. Be3 Bb7 10. e5 Bxf3 11. Qxf3 d5 12. Bd3 Nd7 13. Ne2 c5 14. c3 cxd4 15. cxd4
Nc6 16. Bd2 f5 17. exf6 Nxf6 18. Bc3 Na5 19. Rae1 Nc4 20. Ng3 Re8 21. h4 b5 22.
b4 Nd6 23. h5 Kf7 24. Re5 bxa4 25. hxg6+ hxg6 26. Rg5 Nf5 27. Ne2 Rh8 28. g4
Ne7 29. Ng3 Rh3 30. f5 gxf5 31. gxf5 exf5 32. Rxg7+ Kxg7 33. Nxf5+ Nxf5 34.
Qxh3 Nh6 35. Bd2 Nhg4 36. Bf5 Qb6 37. Rf4 a3 38. Rxg4+ Nxg4 39. Qxg4+ Kf8 40.
Be6 Qc7 41. Qg8+ Ke7 42. Qf7+ 1-0

[Event "2. Bundesliga Ost 2012/2013"]
[Site "6.+7.10., 17.+18.11., 1.12., 2.+3.2., 9.+10.3., 6.
[Date "2012.11.18"]
[Round "4"]
[Board "5"]
[White "Plank, Franz"]
[Black "Hechl, Gerald"]
[Result "1/2-1/2"]
[WhiteElo "2198"]
[BlackElo "2220"]
[PlyCount "80"]
[EventDate "2012.10.06"]
[EventType "team"]
[EventRounds "11"]
[EventCountry "AUT"]
[WhiteTeam "SK Wien-Ottakring"]
[BlackTeam "Spg Data Technology Eichgraben/P."]

1. e4 Nf6 2. Nc3 e5 3. a3 Nc6 4. Nf3 d5 5. exd5 Nxd5 6. Bb5 Nxc3 7. bxc3 Bd6 8.
d4 exd4 9. cxd4 O-O 10. O-O Bg4 11. c3 Qf6 12. h3 Bxf3 13. Qxf3 Qxf3 14. gxf3
Ne7 15. Bd3 c5 16. Be4 cxd4 17. cxd4 Rab8 18. a4 f5 19. Bc2 Ng6 20. Bb3+ Kh8
21. Rd1 Rbd8 22. Rb1 Bc7 23. Bc4 Bb6 24. d5 Rc8 25. Bd3 Ne5 26. f4 Nxd3 27.
Rxd3 Rf7 28. d6 Rd7 29. Be3 Bxe3 30. fxe3 Rcd8 31. Rbd1 Kg8 32. Rd5 g6 33. Kf2
Kf7 34. Kf3 Rc8 35. a5 Rc6 36. h4 b6 37. axb6 axb6 38. h5 Ke6 39. hxg6 hxg6 40.
Re5+ Kf6 1/2-1/2

[Event "2. Bundesliga Ost 2012/2013"]
[Site "6.+7.10., 17.+18.11., 1.12., 2.+3.2., 9.+10.3., 6.
[Date "2012.12.01"]
[Round "5"]
[Board "1"]
[White "Videki, Sandor"]
[Black "Papp, Gabor"]
[Result "0-1"]
[WhiteElo "2429"]
[BlackElo "2571"]
[PlyCount "80"]
[EventDate "2012.10.06"]
[EventType "team"]
[EventRounds "11"]
[EventCountry "AUT"]
[WhiteTeam "Spg Data Technology Eichgraben/P."]
[BlackTeam "ASVOE Mattersburg"]

1. d4 Nf6 2. Nf3 e6 3. g3 b6 4. Bg2 Bb7 5. O-O Be7 6. c4 O-O 7. Nc3 Ne4 8. Nxe4
Bxe4 9. Ne1 Bxg2 10. Kxg2 d5 11. Qa4 c5 12. dxc5 Nd7 13. c6 Nc5 14. Qc2 dxc4
15. Qxc4 Qc7 16. Nf3 Qxc6 17. Be3 Rac8 18. Rac1 Qb7 19. Bxc5 Rxc5 20. Qb3 Rfc8
21. Rxc5 Rxc5 22. Qd3 Rd5 23. Qc2 Rc5 24. Qd3 Qc7 25. Rd1 Bf6 26. e4 g6 27. b3
Qc6 28. Qd7 Qxe4 29. Qe8+ Kg7 30. Rd7 Be7 31. Rd4 Qb7 32. Rd7 Rc7 33. Rxc7 Qxc7
34. Nd4 Bf6 35. Nc6 a5 36. a3 Qd6 37. b4 a4 38. Qa8 Qd5+ 39. Kg1 Qb3 40. Nb8
Qxa3 0-1

[Event "2. Bundesliga Ost 2012/2013"]
[Site "6.+7.10., 17.+18.11., 1.12., 2.+3.2., 9.+10.3., 6.
[Date "2012.12.01"]
[Round "5"]
[Board "2"]
[White "Fodor, Tamas"]
[Black "Ganaus, Hannes"]
[Result "1-0"]
[WhiteElo "2503"]
[BlackElo "2331"]
[PlyCount "113"]
[EventDate "2012.10.06"]
[EventType "team"]
[EventRounds "11"]
[EventCountry "AUT"]
[WhiteTeam "ASVOE Mattersburg"]
[BlackTeam "Spg Data Technology Eichgraben/P."]

1. c4 Nf6 2. d4 g6 3. Nc3 Bg7 4. e4 O-O 5. Nf3 d6 6. Be2 e5 7. Be3 Na6 8. O-O
c6 9. Rb1 exd4 10. Bxd4 Qe7 11. Nd2 Nc5 12. Bf3 Ne6 13. Be3 Nd7 14. Re1 f5 15.
exf5 gxf5 16. Ne2 Ne5 17. Nf4 Ng6 18. Nf1 Nexf4 19. Bxf4 Be5 20. Bd2 Be6 21. b3
a5 22. a4 f4 23. Bg4 Bxg4 24. Qxg4 Qf6 25. h3 Kh8 26. Nh2 Rg8 27. Qh5 Qh4 28.
Qxh4 Nxh4 29. Ng4 h5 30. Nxe5 dxe5 31. Kf1 Rae8 32. Bc3 Nxg2 33. Rxe5 Rxe5 34.
Bxe5+ Kh7 35. Rd1 f3 36. Rd3 Rf8 37. Kg1 Rf7 38. Kh2 h4 39. Bc3 Kg6 40. Bxa5
Rf5 41. Bd8 Rf7 42. a5 Kh5 43. b4 Rf4 44. Rd7 Ne3 45. Rh7+ Kg6 46. Rxh4 Rxh4
47. Bxh4 Nxc4 48. Kg3 Ne5 49. Be7 Kf5 50. h4 Ke4 51. Bd6 Nf7 52. Bf4 Nd8 53. h5
Ne6 54. Be3 Nf8 55. h6 Nh7 56. Kg4 Nf8 57. Bg5 1-0

[Event "2. Bundesliga Ost 2012/2013"]
[Site "6.+7.10., 17.+18.11., 1.12., 2.+3.2., 9.+10.3., 6.
[Date "2012.12.01"]
[Round "5"]
[Board "3"]
[White "Neumeier, Klaus"]
[Black "Petran, Peter"]
[Result "1/2-1/2"]
[WhiteElo "2255"]
[BlackElo "2277"]
[PlyCount "93"]
[EventDate "2012.10.06"]
[EventType "team"]
[EventRounds "11"]
[EventCountry "AUT"]
[WhiteTeam "Spg Data Technology Eichgraben/P."]
[BlackTeam "ASVOE Mattersburg"]

1. d4 f5 2. g3 g6 3. Bg2 Bg7 4. Nf3 d6 5. O-O Nh6 6. c4 O-O 7. Nc3 c6 8. d5 e5
9. dxe6 Bxe6 10. Qd3 Nf7 11. Be3 Na6 12. b3 Nc5 13. Qc2 a5 14. Rad1 Qe7 15. Bd4
Ne5 16. e3 a4 17. Nxe5 dxe5 18. Bxc5 Qxc5 19. Nxa4 Qb4 20. c5 e4 21. Rd6 Bc4
22. Qxc4+ Qxc4 23. bxc4 Rxa4 24. Rb1 Rf7 25. Rd8+ Bf8 26. Rb8 Ra7 27. Rb2 Rd7
28. Bf1 Kg7 29. Kg2 Bxc5 30. h4 Kf6 31. Be2 h5 32. Kf1 Kg7 33. Kg2 Kf6 34. Kf1
Ba3 35. Rc2 Bd6 36. Rd2 Bxb8 37. Rxd7 Be5 38. Rd2 Bc3 39. Rc2 Bb4 40. Rb2 Bc5
41. Rd2 Ra4 42. Rb2 b6 43. Kg2 g5 44. hxg5+ Kxg5 45. Kh3 Ra3 46. Rc2 Ra4 47.
Rb2 1/2-1/2

[Event "2. Bundesliga Ost 2012/2013"]
[Site "6.+7.10., 17.+18.11., 1.12., 2.+3.2., 9.+10.3., 6.
[Date "2012.12.01"]
[Round "5"]
[Board "4"]
[White "Brod, Manfred"]
[Black "Weissenbeck, Manuel"]
[Result "1/2-1/2"]
[WhiteElo "2234"]
[BlackElo "2238"]
[PlyCount "108"]
[EventDate "2012.10.06"]
[EventType "team"]
[EventRounds "11"]
[EventCountry "AUT"]
[WhiteTeam "ASVOE Mattersburg"]
[BlackTeam "Spg Data Technology Eichgraben/P."]

1. e4 c5 2. Nc3 d6 3. g3 Nc6 4. Bg2 g6 5. d3 Bg7 6. Be3 e6 7. Qd2 Rb8 8. Nf3
Nd4 9. Nd1 Ne7 10. O-O O-O 11. Ne1 b6 12. c3 Ndc6 13. f4 f5 14. exf5 gxf5 15.
Nc2 Bb7 16. d4 Na5 17. Bxb7 Rxb7 18. Qe2 Qc8 19. Re1 Rf6 20. Rc1 Rg6 21. b4
cxb4 22. cxb4 Nac6 23. b5 Na5 24. Nb4 Rc7 25. Nf2 Nd5 26. Rxc7 Qxc7 27. Rc1 Qd7
28. Nc6 Bf6 29. Nd3 Nxc6 30. bxc6 Qg7 31. Nb4 Nc7 32. Na6 Bxd4 33. Nxc7 Bxe3+
34. Qxe3 Qxc7 35. Qd3 Kf7 36. a4 Rg8 37. Kf2 Ke7 38. h3 Kd8 39. Qc3 Rf8 40. a5
Ke8 41. Qb3 Ke7 42. Qc3 Rf7 43. Rc2 Rf6 44. Rc1 e5 45. Qc4 Re6 46. Qd5 Rf6 47.
Re1 Kf8 48. fxe5 dxe5 49. Rxe5 Qxc6 50. Qxc6 Rxc6 51. axb6 Rxb6 52. Rxf5+ Kg7
53. Ra5 a6 54. Kf3 Kg6 1/2-1/2

[Event "2. Bundesliga Ost 2012/2013"]
[Site "6.+7.10., 17.+18.11., 1.12., 2.+3.2., 9.+10.3., 6.
[Date "2012.12.01"]
[Round "5"]
[Board "5"]
[White "Hechl, Gerald"]
[Black "Wiedner, Robert"]
[Result "1-0"]
[WhiteElo "2220"]
[BlackElo "2133"]
[PlyCount "77"]
[EventDate "2012.10.06"]
[EventType "team"]
[EventRounds "11"]
[EventCountry "AUT"]
[WhiteTeam "Spg Data Technology Eichgraben/P."]
[BlackTeam "ASVOE Mattersburg"]

1. d4 Nf6 2. Bg5 Ne4 3. Bf4 d5 4. f3 Nd6 5. Nc3 Nf5 6. e3 c6 7. Bd3 e6 8. Nh3
Nd7 9. Bxf5 exf5 10. Qd3 Nf6 11. O-O-O Bb4 12. Ne2 Be6 13. Ng3 Qd7 14. Be5 Be7
15. Nf4 g6 16. Qb3 a5 17. Nd3 a4 18. Qc3 O-O 19. h4 h5 20. Nf4 b5 21. Qe1 Ne8
22. Nh3 Bxh4 23. Nf4 Qe7 24. Rh3 g5 25. Rxh4 gxh4 26. Ngxh5 Qg5 27. g3 h3 28.
Qh1 Bd7 29. Nf6+ Nxf6 30. Qxh3 Rfd8 31. Rh1 Kf8 32. Bd6+ Ke8 33. Qh8+ Ng8 34.
Qe5+ Be6 35. Nxe6 f6 36. Nc7+ Kf7 37. Qe6+ Kg7 38. Nxa8 Qg6 39. Nc7 1-0

[Event "2. Bundesliga Ost 2012/2013"]
[Site "6.+7.10., 17.+18.11., 1.12., 2.+3.2., 9.+10.3., 6.
[Date "2012.12.01"]
[Round "5"]
[Board "6"]
[White "Salamon, Werner"]
[Black "Mayr, Thomas"]
[Result "1-0"]
[WhiteElo "2133"]
[BlackElo "2125"]
[PlyCount "71"]
[EventDate "2012.10.06"]
[EventType "team"]
[EventRounds "11"]
[EventCountry "AUT"]
[WhiteTeam "ASVOE Mattersburg"]
[BlackTeam "Spg Data Technology Eichgraben/P."]

1. e4 c6 2. c4 d5 3. cxd5 cxd5 4. exd5 Nf6 5. Nc3 Nxd5 6. Nf3 e6 7. d4 Be7 8.
Bd3 O-O 9. O-O Nc6 10. Re1 f5 11. Bc4 Bf6 12. Bxd5 exd5 13. Bf4 Kh8 14. Qb3 g5
15. Be5 Bxe5 16. Nxe5 Nxd4 17. Qd1 Nc6 18. Qh5 Nxe5 19. Rxe5 Bd7 20. Rae1 Be8
21. Qh6 Bg6 22. Nxd5 Rf7 23. Ne7 Rf6 24. Qxg5 Qf8 25. h4 f4 26. h5 Be8 27. Nd5
Rf7 28. Re7 Rf5 29. Nf6 Rxf6 30. Rxe8 Rxe8 31. Rxe8 Qxe8 32. Qxf6+ Kg8 33. Qxf4
Qxh5 34. Qb8+ Kg7 35. Qxb7+ Kg8 36. Qb8+ 1-0

[Event "2. Bundesliga Ost 2012/2013"]
[Site "6.+7.10., 17.+18.11., 1.12., 2.+3.2., 9.+10.3., 6.
[Date "2012.12.01"]
[Round "5"]
[Board "1"]
[White "Sommerbauer, Norbert"]
[Black "Banusz, Tamas"]
[Result "0-1"]
[WhiteElo "2444"]
[BlackElo "2580"]
[PlyCount "90"]
[EventDate "2012.10.06"]
[EventType "team"]
[EventRounds "11"]
[EventCountry "AUT"]
[WhiteTeam "Raiffeisen Waehring"]
[BlackTeam "SK Wien-Ottakring"]

1. Nf3 d5 2. g3 c6 3. Bg2 Bg4 4. O-O Nd7 5. d3 Ngf6 6. Nbd2 e5 7. e4 dxe4 8.
dxe4 Bc5 9. h3 Bh5 10. Qe1 O-O 11. Nc4 Re8 12. a4 a5 13. Bd2 b6 14. Bc3 Qc7 15.
Kh1 Bxf3 16. Bxf3 Nf8 17. Bg2 Rad8 18. f4 exf4 19. Bxf6 gxf6 20. gxf4 Kh8 21.
Qh4 Be7 22. Qf2 Bc5 23. Qh4 Qe7 24. Qh5 Ng6 25. Rae1 Rg8 26. c3 Rd3 27. Re2
Nxf4 28. Rxf4 Rd1+ 29. Rf1 Rxf1+ 30. Bxf1 Rg1+ 31. Kh2 Rxf1 32. e5 Qe6 33. exf6
Qxf6 34. Qe5 Kg7 35. Rg2+ Kh6 36. Qxf6+ Rxf6 37. Rg8 Rf4 38. b3 Rf2+ 39. Kh1 f6
40. b4 axb4 41. cxb4 Bxb4 42. Ne3 f5 43. Rc8 Kg5 44. Rxc6 Bc5 45. Nd5 Kh4 0-1

[Event "2. Bundesliga Ost 2012/2013"]
[Site "6.+7.10., 17.+18.11., 1.12., 2.+3.2., 9.+10.3., 6.
[Date "2012.12.01"]
[Round "5"]
[Board "2"]
[White "Menezes, Christoph"]
[Black "Lendwai, Reinhard"]
[Result "0-1"]
[WhiteElo "2303"]
[BlackElo "2379"]
[PlyCount "66"]
[EventDate "2012.10.06"]
[EventType "team"]
[EventRounds "11"]
[EventCountry "AUT"]
[WhiteTeam "SK Wien-Ottakring"]
[BlackTeam "Raiffeisen Waehring"]

1. d4 Nf6 2. c4 e6 3. Nc3 Bb4 4. Qc2 O-O 5. a3 Bxc3+ 6. Qxc3 b6 7. Bg5 Bb7 8.
e3 d6 9. Ne2 Nbd7 10. Qc2 h6 11. Bh4 c5 12. dxc5 bxc5 13. Nc3 Qb6 14. Be2 d5
15. O-O d4 16. exd4 cxd4 17. Na4 Qc7 18. b4 e5 19. f3 Nd5 20. Rfc1 Nf4 21. Bf1
f5 22. c5 Bd5 23. Bf2 Qc6 24. Nb2 Qg6 25. Bg3 Nh5 26. Bc4 Bxc4 27. Qxc4+ Kh7
28. Bh4 e4 29. Qxd4 exf3 30. g3 f4 31. Qf2 fxg3 32. Bxg3 Ne5 33. Qc2 Rf5 0-1

[Event "2. Bundesliga Ost 2012/2013"]
[Site "6.+7.10., 17.+18.11., 1.12., 2.+3.2., 9.+10.3., 6.
[Date "2012.12.01"]
[Round "5"]
[Board "3"]
[White "Kirschner, Alexander"]
[Black "Schneider-Zinner, Harald"]
[Result "0-1"]
[WhiteElo "2281"]
[BlackElo "2369"]
[PlyCount "78"]
[EventDate "2012.10.06"]
[EventType "team"]
[EventRounds "11"]
[EventCountry "AUT"]
[WhiteTeam "Raiffeisen Waehring"]
[BlackTeam "SK Wien-Ottakring"]

1. c4 e6 2. e4 d5 3. exd5 exd5 4. cxd5 Nf6 5. Bb5+ Nbd7 6. Nc3 Be7 7. Nf3 O-O
8. O-O Nb6 9. d4 Nbxd5 10. Re1 c6 11. Bc4 Be6 12. Bb3 Re8 13. Bg5 h6 14. Bh4
Nxc3 15. bxc3 Nd5 16. Bxe7 Rxe7 17. Rc1 Bg4 18. Rxe7 Qxe7 19. h3 Bh5 20. c4 Nf4
21. Kf1 Rd8 22. Rc3 Qd6 23. g4 Bg6 24. c5 Qd7 25. Qd2 Qc7 26. Qe3 Nd5 27. Bxd5
Rxd5 28. Qe8+ Kh7 29. Re3 Rd7 30. Kg2 f6 31. Qe6 Bf7 32. Qf5+ Kg8 33. a3 Re7
34. Rxe7 Qxe7 35. Qf4 Bd5 36. Kg3 b5 37. Nh4 a5 38. Nf5 Qe4 39. Qb8+ Kf7 0-1

[Event "2. Bundesliga Ost 2012/2013"]
[Site "6.+7.10., 17.+18.11., 1.12., 2.+3.2., 9.+10.3., 6.
[Date "2012.12.01"]
[Round "5"]
[Board "4"]
[White "Steiner, Adam"]
[Black "Fritsch, Klaus"]
[Result "1/2-1/2"]
[WhiteElo "2276"]
[BlackElo "2287"]
[PlyCount "84"]
[EventDate "2012.10.06"]
[EventType "team"]
[EventRounds "11"]
[EventCountry "AUT"]
[WhiteTeam "SK Wien-Ottakring"]
[BlackTeam "Raiffeisen Waehring"]

1. e4 e6 2. b3 d5 3. Bb2 dxe4 4. Nc3 Nf6 5. Qe2 c5 6. Nxe4 Be7 7. Nf3 Nc6 8.
O-O-O Qa5 9. Kb1 Bd7 10. Ne5 Nxe5 11. Bxe5 Bc6 12. Nxf6+ Bxf6 13. Bxf6 gxf6 14.
Qe3 O-O-O 15. f3 Rd6 16. Kb2 Rhd8 17. Qc3 Qxc3+ 18. Kxc3 Rg8 19. a4 Kc7 20. Re1
f5 21. Re2 f4 22. Rf2 h5 23. Bd3 h4 24. Re1 Rg5 25. h3 e5 26. Be4 Rd4 27. Bxc6
Kxc6 28. d3 f6 29. Kd2 b6 30. Re4 a6 31. Rfe2 Rd7 32. Ke1 b5 33. Kf1 Rd4 34.
axb5+ axb5 35. Re1 Rxe4 36. dxe4 Rg7 37. Ra1 Kb7 38. Ra5 Kb6 39. Ra8 Rd7 40.
Ke2 Rg7 41. Kf1 Rd7 42. Ke2 Rg7 1/2-1/2

[Event "2. Bundesliga Ost 2012/2013"]
[Site "6.+7.10., 17.+18.11., 1.12., 2.+3.2., 9.+10.3., 6.
[Date "2012.12.01"]
[Round "5"]
[Board "5"]
[White "Todor, Razvan"]
[Black "Beck, Hartmuth"]
[Result "1/2-1/2"]
[WhiteElo "2202"]
[BlackElo "2295"]
[PlyCount "61"]
[EventDate "2012.10.06"]
[EventType "team"]
[EventRounds "11"]
[EventCountry "AUT"]
[WhiteTeam "Raiffeisen Waehring"]
[BlackTeam "SK Wien-Ottakring"]

1. d4 Nf6 2. Nf3 b5 3. g3 Bb7 4. Bg2 e6 5. O-O c5 6. c3 a6 7. Bf4 Qb6 8. Be5
Be7 9. dxc5 Qxc5 10. Nbd2 d6 11. Nb3 Qc7 12. Bxf6 Bxf6 13. Qd3 O-O 14. Nfd4 d5
15. e4 Rd8 16. exd5 Bxd5 17. Bxd5 Rxd5 18. Qf3 Nd7 19. a4 b4 20. Rac1 bxc3 21.
Rxc3 Qb6 22. a5 Qb4 23. Nc6 Qd6 24. Rc4 Bxb2 25. Qe4 Re8 26. Qc2 Bf6 27. Nb4
Ne5 28. Nxd5 Nf3+ 29. Kg2 Qxd5 30. Qe4 Ne5 31. Qxd5 1/2-1/2